Normal view
MARC view
Entry Personal Name
001 - CONTROL NUMBER
- control field: 556090
003 - CONTROL NUMBER IDENTIFIER
- control field: OSt
005 - DATE AND TIME OF LATEST TRANSACTION
- control field: 20220930094655.0
008 - FIXED-LENGTH DATA ELEMENTS
- fixed length control field: 220930|| aca||aabn | a|a d
040 ## - CATALOGING SOURCE
- Original cataloging agency: OSt
- Transcribing agency: OSt
100 ## - HEADING--PERSONAL NAME
- Personal name: प्रियदर्शिनी, सुषमा, ले
670 ## - SOURCE DATA FOUND
- Source citation: Work cat.: (OSt)887487: प्रियदर्शिनी, सुषमा, ले., स्वतन्त्रता के पश्चात् हिन्दी - साहित्य की प्रवृत्तियॉं, 1962
